Liverpool players (2010-2020) - Statistics

General Stats
  • This quiz has been taken 54 times
  • The average score is 55 of 108
Answer Stats
Rank Player Positions Nationality Matches Goals (assists) Period % Correct
16 Luis Suárez ST 110 69 (25) 2010-2014
100%
3 Roberto Firmino ST 175 57 (36) 2015-2020
100%
7 James Milner CM 149 19 (24) 2015-2020
97%
1 Jordan Henderson DM 269 26 (37) 2011-2020
97%
17 Mohamed Salah RW 108 73 (29) 2017-2020
97%
13 Sadio Mané LW 127 63 (22) 2016-2020
97%
26 Virgil van Dijk CB 90 9 (3) 2017-2020
97%
21 Andrew Robertson LB 94 3 (28) 2017-2020
95%
11 Dejan Lovren CB 131 5 (3) 2014-2020
95%
6 Philippe Coutinho AM 152 41 (36) 2012-2018
95%
5 Simon Mignolet GK 155 0 (0) 2013-2018
95%
9 Steven Gerrard CM 138 41 (30) 2010-2015
95%
32 Alisson GK 67 0 (1) 2018-2020
92%
8 Georginio Wijnaldum CM 141 14 (11) 2016-2020
92%
23 Divock Origi ST 91 19 (8) 2015-2020
90%
15 Emre Can DM 115 10 (6) 2014-2018
90%
31 Joe Gomez CB 72 0 (3) 2015-2016, 2017-2020
90%
27 Joel Matip CB 85 4 (0) 2016-2020
90%
2 Martin Skrtel CB 188 15 (3) 2010-2016
90%
22 Trent Alexander-Arnold RB 93 6 (26) 2016-2020
90%
36 Fabinho DM 56 3 (6) 2018-2020
87%
41 Naby Keïta CM 43 4 (4) 2018-2020
87%
18 Pepe Reina GK 103 0 (0) 2010-2013
87%
20 Raheem Sterling RW 95 18 (14) 2011-2015
87%
48 Xherdan Shaqiri AM 31 7 (3) 2018-2020
87%
14 Daniel Sturridge ST 116 51 (15) 2012-2019
85%
33 Dirk Kuyt RW 67 15 (9) 2010-2012
85%
58 Fernando Torres ST 23 9 (3) 2010-2011
85%
28 Nathaniel Clyne RB 77 1 (2) 2015-2019
85%
50 Loris Karius GK 29 0 (0) 2016-2018
82%
4 Lucas Leiva DM 169 0 (6) 2010-2017
82%
12 Adam Lallana AM 128 18 (17) 2014-2020
79%
49 Christian Benteke ST 29 9 (3) 2015-2016
79%
37 Mamadou Sakho CB 56 2 (0) 2013-2016
79%
25 Alberto Moreno LB 90 3 (5) 2014-2019
77%
39 Kolo Touré CB 46 1 (2) 2013-2016
72%
19 Daniel Agger CB 98 6 (4) 2010-2014
69%
10 Glen Johnson RB 135 5 (8) 2010-2015
69%
30 Jamie Carragher CB 73 0 (1) 2010-2013
69%
73 Adrián GK 11 0 (0) 2019-2020
67%
85 Curtis Jones CM 6 1 (0) 2019-2020
67%
78 Takumi Minamino LW 10 0 (0) 2019-2020
67%
74 Brad Jones GK 11 0 (0) 2011-2013, 2014-2015
64%
45 Ragnar Klavan CB 39 1 (0) 2016-2018
64%
35 Alex Oxlade-Chamberlain CM 64 7 (8) 2017-2020
59%
24 Joe Allen CM 91 4 (1) 2012-2016
59%
60 Lazar Markovic RW 19 2 (1) 2014-2015
59%
56 Fabio Borini LW 25 2 (1) 2012-2013, 2014-2015
56%
63 Mario Balotelli ST 16 1 (0) 2014-2015
54%
40 Andy Carroll ST 44 6 (3) 2010-2013
51%
68 Danny Ings ST 14 3 (0) 2015-2016, 2017-2018
49%
96 Harvey Elliott AM 2 0 (0) 2019-2020
49%
103 Javier Mascherano DM 1 0 (1) 2010-2011
49%
46 Raúl Meireles CM 35 5 (6) 2010-2012
49%
80 Ryan Babel LW 9 1 (0) 2010-2011
49%
52 Craig Bellamy LW 27 6 (3) 2011-2012
46%
29 José Enrique LB 76 2 (8) 2011-2015
46%
83 Nuri Şahin DM 7 1 (2) 2012-2013
46%
34 Stewart Downing LM 65 3 (5) 2011-2013
46%
43 Jon Flanagan RB 40 1 (2) 2010-2012, 2013-2014, 2015-2016
44%
44 Maxi Rodríguez LW 40 14 (1) 2010-2012
44%
86 Neco Williams RB 6 0 (0) 2019-2020
44%
61 Victor Moses RW 19 1 (0) 2013-2014
44%
42 Jordon Ibe RW 41 1 (3) 2012-2016
41%
57 Rickie Lambert ST 25 2 (2) 2014-2015
41%
51 Charlie Adam CM 28 2 (6) 2011-2012
36%
81 Marko Grujić DM 8 0 (0) 2016-2018
36%
59 Dominic Solanke ST 21 1 (1) 2017-2018
33%
69 Iago Aspas ST 14 0 (1) 2013-2014
33%
72 Sebastián Coates CB 12 1 (0) 2011-2013
33%
62 Fábio Aurélio LB 16 0 (0) 2010-2012
31%
54 Joe Cole AM 26 3 (1) 2010-2011, 2012-2013
31%
70 Suso RW 14 0 (0) 2012-2013
31%
71 Christian Poulsen DM 12 0 (0) 2010-2011
28%
95 Danny Wilson CB 2 0 (0) 2010-2011
28%
87 Brad Smith LB 5 0 (0) 2013-2014, 2015-2016
26%
55 David N'Gog ST 25 2 (1) 2010-2011
26%
38 Jonjo Shelvey CM 47 2 (1) 2010-2013
26%
92 Steven Caulker CB 3 0 (0) 2015-2016
26%
76 Javier Manquillo RB 10 0 (0) 2014-2015
23%
79 Luis Alberto AM 9 0 (1) 2013-2014
23%
93 Ádám Bogdán GK 2 0 (0) 2015-2016
21%
84 Ben Woodburn AM 6 0 (0) 2016-2018
21%
66 Paul Konchesky LB 15 0 (1) 2010-2011
21%
64 Sotiris Kyrgiakos CB 16 2 (1) 2010-2011
21%
53 Jay Spearing DM 27 0 (2) 2010-2012
18%
89 Oussama Assaidi LW 4 0 (0) 2012-2013
18%
94 Danny Ward GK 2 0 (0) 2015-2016
15%
47 Martin Kelly RB 32 0 (1) 2010-2014
15%
65 Aly Cissokho CB 15 0 (1) 2013-2014
13%
88 Doni GK 4 0 (0) 2011-2012
13%
77 Milan Jovanovic LW 10 0 (0) 2010-2011
13%
75 Kevin Stewart DM 11 0 (0) 2015-2017
10%
67 Andre Wisdom RB 14 0 (1) 2012-2014
8%
102 Dani Pacheco DM 1 0 (0) 2010-2011
8%
97 Jack Robinson CB 2 0 (0) 2010-2011
8%
106 Pedro Chirivella DM 1 0 (0) 2015-2016
8%
107 Rafael Camacho RW 1 0 (0) 2018-2019
8%
82 Sheyi Ojo RW 8 0 (3) 2015-2016
8%
90 Cameron Brannagan CM 3 0 (0) 2015-2016
5%
91 Connor Randall RB 3 0 (0) 2015-2016
5%
98 Jerome Sinclair ST 2 0 (0) 2014-2015
5%
99 João Carlos Teixeira AM 2 0 (0) 2013-2014, 2015-2016
5%
104 Jordan Rossiter DM 1 0 (0) 2015-2016
5%
100 Ovie Ejaria LM 2 0 (0) 2016-2017
5%
108 Sergi Canós LW 1 0 (0) 2015-2016
5%
101 Conor Coady CB 1 0 (0) 2012-2013
3%
105 Nathan Eccleston ST 1 0 (0) 2010-2011
3%
No matching quizzes found
Score Distribution
Percent of People with Each Score
Percentile by Number Answered
Your Score History
You have not taken this quiz